00637nam a2200217Ia 4500003000400000005001700004008004100021020001800062040001800080041000800098082002300106100002600129245006000155250001200215260003800227300002500265650003300290650004300323650003400366700001900400OSt20220827105055.0210716s2006 xx 000 0 und d a9780120885435 cAIMIT LIBRARY aeng a572.8636 21bMULH aMuller, Hans Joachim. aMicroarrays /cBy Hans Joachim Muller and Thomas Roder. a1st ed. aLondon :bAcademic Press ,c2006. axv,212p. ;c25.5 cm. aInstrumentation and software aExecution of tne microarray experiment aDatabase research and patents aRoder, Thomas.